00235nam a2200097Ia 4500008004100000082001400041100001800055245003200073260002000105600001200125241002s9999 xx 000 0 und d a923.1 LOR aLornt, Stefan 4aThe Life of Abraham Lincoln aNew York:c1955 aHistory